El Padre Hurtado
Uloženo v:
| Hlavní autor: | |
|---|---|
| Médium: | Kniha |
| Jazyk: | španělština |
| Vydáno: |
Santiago
Los Andes
1990
|
| Témata: | |
| Tagy: |
Přidat tag
Žádné tagy, Buďte první, kdo vytvoří štítek k tomuto záznamu!
|
MARC
| LEADER | 00000cam a2200000 a 4500 | ||
|---|---|---|---|
| 001 | UCW5103 | ||
| 003 | CL-VaPUC | ||
| 008 | 901203e19900000CL |||||||||||||||||spa|d | ||
| 020 | |a 9567014639 | ||
| 082 | 0 | 4 | |a 282.092 |b MAG |2 21 |
| 100 | |a Magnet Pagueguy, Alejandro |e autor |9 484267 | ||
| 245 | 1 | 3 | |a El Padre Hurtado |
| 300 | |a 257 p | ||
| 942 | |c BK | ||
| 945 | |d 19901203 00:00:00 | ||
| 260 | |a Santiago |b Los Andes |c 1990 | ||
| 600 | 0 | |a Hurtado Cruchaga, Alberto |d 1901-1952 |9 309962 | |
| 650 | 0 | |a Biografías |9 255210 | |
| 650 | 7 | |a SACERDOTES CHILENOS |2 CL-VaPUC |9 309963 | |
| 583 | |a last modification |c 20150714 10:42:05 |k Rodrigo Vera | ||
| 999 | |c 218614 |d 218612 | ||
| 952 | |0 0 |1 0 |4 0 |6 282_092000000000000_MAG_1990 |7 0 |8 A |9 208417 |a BIBEDU |b BIBEDU |d 2019-11-15 |i 2763400 |o 282.092 MAG 1990 |p 2763400 |r 2019-11-15 |w 2019-11-15 |y BK |k EDU | ||
| 952 | |0 0 |1 0 |3 erb |4 0 |6 282_092000000000000_MAG_1990 |7 0 |8 A |9 208418 |a BIBTEO |b BIBTEO |e Villagrán Garnham, Jorge |i 5186188 |o 282.092 MAG 1990 |p 5186188 |r 2024-01-18 |w 2019-11-15 |y BK |z Catalogado en:20150728 |k ICR | ||